000 00497nam a22001697a 4500
008 150520b xxu||||| |||| 00| 0 eng d
020 _a9781591451426
041 0 _aeng
080 _a361.7
100 1 _aRobertson, Pat.
245 1 0 _aCourting disaster :
_cPat Robertson.
260 _aNashville :
_bIntegrity Publishers,
_cc2004.
300 _a290 p. ;
_b24 cm.
650 0 _aPolitika
650 0 _aLigji
942 _2udc
_cBK
999 _c865
_d865